Tapped (Record no. 335094)
[ view plain ]
| 000 -LEADER | |
|---|---|
| fixed length control field | 00503nam a2200097Ia 4500 |
| 008 - FIXED-LENGTH DATA ELEMENTS--GENERAL INFORMATION | |
| fixed length control field | 170517s9999 xx 000 0 und d |
| 245 ## - TITLE STATEMENT | |
| Title | Tapped |
| 300 ## - PHYSICAL DESCRIPTION | |
| Extent | Examines the role of the bottled water industry and its effects on our health, climate change, pollution, and our reliance on oil. The documentary is well structured and presents an overwhelming amount of evidence which will change the way anyone thinks about bottled... |
| 650 ## - SUBJECT ADDED ENTRY--TOPICAL TERM | |
| General subdivision | Technology. |
| 856 ## - ELECTRONIC LOCATION AND ACCESS | |
| Uniform Resource Identifier | <a href="http://topdocumentaryfilms.com/tapped/">http://topdocumentaryfilms.com/tapped/</a> |
| Withdrawn status | Lost status | Damaged status | Home library | Current library | Date acquired | Total Checkouts | Date last seen | Price effective from | Koha item type |
|---|---|---|---|---|---|---|---|---|---|
| College Library | College Library | 05/17/2017 | 05/17/2017 | 05/17/2017 | Documentary Films |